Estatísticas para Quiz de Friends

Clique aqui para jogar o quiz

Estatísticas Gerais

  • Esse quiz foi jogado 278 vezes
  • A pontuação média é 4 de 14

Estatísticas das Respostas

QuestãoResposta% Correto
Ross e Monica sãoIrmãos
97%
Filha de Ross e RachelEmma
83%
Nome completo de ChandlerChandler Muriel Bing
48%
Nome completo de PhoebePhoebe Buffay
38%
Nome completo de RachelRachel Karen Green
35%
Nome que aparece no guia de TV de ChandlerChanandler Bong
33%
Mãe de RossJudy
33%
Nome completo de JoeyJoseph Francis Tribbiani
19%
Cadela de Ross e MonicaChichi
16%
Nome completo de RossRoss Eustace Geller
11%
Cadela de RachelLaPooh
10%
Acontece com Ross e Rachel no 02x17Namoro
10%
Nome completo de MonicaMonica E. Geller
9%
Outro nome proposto para a sérieInsomnia Cafe
4%

Distribuição das Pontuações

Percentil de Números Respondidos

Porcentagem de Pessoas com Cada Pontuação

Sua Pontuação Histórica

Você não jogou esse quiz